000 00957cab a2200205 4500
001 X129005
008 050309n2005 000 0 eng u
035 _a(Sirsi) u129005
041 _aeng
245 _aFocus 5: auctions
260 _c2005
490 _aEstates Gazette
_v(0508) 26 February 2005, 159-171(7)
520 _a"Room for caution" reviews the state of the market with auctioneers remaining confident despite sales being more subdued than last year. "Lots to watch out for" reports on commercial auctions as house price uncertainty and stable interest rates raise interest in auctions. The final article, "Reasons to go to auction", looks at different experiences of buying at auction; covers an experienced buyer, a rookie and a residential turned commercial bidder.
590 _aABS
650 _aAuctioneering
_96218
650 _aCOMMERCIAL AUCTIONS
650 _aAuctioneering
_96218
690 _aAuctioneering
_96218
942 _n0
999 _c74896
_d74896